000
00247nam a22001097a 4500
082
_a
621.388 BUC'A
100
_a
BUCKWALTER, LEN
_9
57460
245
_a
ABC'S OF TELEVISION
260
_a
NEWYORK
_b
HOWARD W. SAMS
_c
1964
300
_a
96P
942
_c
BK
999
_c
567737
_d
567737